000 00586nam a2200205Ii 4500
003 JO-AjNU
008 230606s9999||||xx |||||||||||||| ||und||
020 _a978-81-203-3302-4
040 _aJO-AjNU
_beng
_erda
_cJO-AjNU
041 _aeng
050 1 4 _aT58.5.2007
100 3 _ajha,Davendranath,
_eauthor
_9387
245 0 0 _aCOMPUTER Concepts and Managemention Systems
264 3 1 _aNew Delhi:prentic-hall,2007
300 _a182p
336 _atext
_btxt
_2rdacontent
337 _aunmediated
_bn
_2rdamedia
338 _avolume
_bnc
_2rdacarrier
650 4 _ainformation systems
_9388
999 _aE205
_c205
_d205